<?xml version="1.0" encoding="UTF-8"?>
<collection xmlns="http://www.loc.gov/MARC21/slim">
 <record>
  <leader>00647pamaa2200205   4500</leader>
  <controlfield tag="001">0000049989</controlfield>
  <controlfield tag="005">20120321090000.0</controlfield>
  <controlfield tag="008">120321</controlfield>
  <datafield tag="020" ind1="0" ind2="0">
   <subfield code="a">0792324935 (pbk.) </subfield>
  </datafield>
  <datafield tag="090" ind1="0" ind2="0">
   <subfield code="a">QK725 </subfield>
   <subfield code="b">PLA 1994</subfield>
  </datafield>
  <datafield tag="245" ind1="1" ind2="0">
   <subfield code="a">Plant cell and tissue culture  </subfield>
   <subfield code="c">edited by Indra K. Vasil and Trevor A. Thorpe.</subfield>
  </datafield>
  <datafield tag="260" ind1="0" ind2="0">
   <subfield code="a">Dordrecht ; Boston: </subfield>
   <subfield code="b">Kluwer Academic, </subfield>
   <subfield code="c">1994.</subfield>
  </datafield>
  <datafield tag="300" ind1=" " ind2=" ">
   <subfield code="a">x, 593 p.: </subfield>
   <subfield code="b">ill.; </subfield>
   <subfield code="c">25 cm.</subfield>
  </datafield>
  <datafield tag="504" ind1="0" ind2="0">
   <subfield code="a">Includes bibliographical references and index</subfield>
  </datafield>
  <datafield tag="650" ind1="0" ind2="0">
   <subfield code="a">Plant cell culture </subfield>
  </datafield>
  <datafield tag="650" ind1="0" ind2="0">
   <subfield code="a">Plant tissue culture </subfield>
  </datafield>
  <datafield tag="650" ind1="0" ind2="0">
   <subfield code="a">Plant micropropagation </subfield>
  </datafield>
  <datafield tag="700" ind1="1" ind2="1">
   <subfield code="a">Vasil, </subfield>
   <subfield code="h">Indra K. </subfield>
  </datafield>
  <datafield tag="700" ind1="1" ind2="1">
   <subfield code="a">Thorpe, </subfield>
   <subfield code="h">Trevor A. </subfield>
  </datafield>
  <datafield tag="901" ind1=" " ind2=" ">
   <subfield code="u">www.kluwer.com</subfield>
  </datafield>
 </record>
</collection>
